| 000 | 00440nam a22001817a 4500 | ||
|---|---|---|---|
| 003 | MPLRDC | ||
| 005 | 20220104161034.0 | ||
| 008 | 210129b ||||| |||| 00| 0 eng d | ||
| 020 | _a7-80699-465-3 | ||
| 082 | _a611 HT | ||
| 100 | _a韩唐 | ||
| 245 |
_a博弈生存 _c |
||
| 250 | _a一版一刷 | ||
| 260 |
_a中国 _b哈尔滨出版社 _c2005 |
||
| 300 | _b平 | ||
| 650 | _a中国史研究之理论及方法 | ||
| 942 |
_cBK _o611 HT |
||
| 999 |
_c55288 _d55278 |
||